UBT Library

The first Hebrew primer : (Record no. 43368)

000 -LEADER
fixed length control field 00738cam a2200229 a 4500
001 - CONTROL NUMBER
control field 628007
005 - DATE AND TIME OF LATEST TRANSACTION
control field 20180224065954.0
008 - FIXED-LENGTH DATA ELEMENTS--GENERAL INFORMATION
fixed length control field 921028s1992 cau 000 0 eng
010 ## - LIBRARY OF CONGRESS CONTROL NUMBER
LC control number 92233138
020 ## - INTERNATIONAL STANDARD BOOK NUMBER
International Standard Book Number 0939144158
040 ## - CATALOGING SOURCE
Original cataloging agency DLC
Transcribing agency DLC
Modifying agency DLC
041 0# - LANGUAGE CODE
Language code of text/sound track or separate title engheb
080 ## - UNIVERSAL DECIMAL CLASSIFICATION NUMBER
Universal Decimal Classification number 492.4824
082 00 - DEWEY DECIMAL CLASSIFICATION NUMBER
Classification number 492.4824 SIM
Edition number 20
100 1# - Rafti
Rafti 24
101 ## - Shkurtesa
Shkurtesa TEO
245 14 - TITLE STATEMENT
Title The first Hebrew primer :
Statement of responsibility, etc Ethelyn Simon, Irene Resnikoff, Linda Motzkin.
740 0# - ADDED ENTRY--UNCONTROLLED RELATED/ANALYTICAL TITLE
Uncontrolled related/analytical title First Hebrew primer for adults.
906 ## - LOCAL DATA ELEMENT F, LDF (RLIN)
a 7
b cbc
c orignew
d 2
e ncip
f 19
g y-gencatlg
942 ## - ADDED ENTRY ELEMENTS (KOHA)
Source of classification or shelving scheme
Item type Books
Holdings
Withdrawn status Lost status Source of classification or shelving scheme Damaged status Not for loan Collection code Permanent location Current location Shelving location Date acquired Total Checkouts Full call number Barcode Date last seen Price effective from Koha item type
          Koleksioni i përgjithshem UBT - Lipjan UBT - Lipjan Koleksioni i lëndeve mesimore 02/24/2018   492.4824 SIM 002-2999998 02/24/2018 02/24/2018 Books
UBT Library © 2015-2024. All rights reserved University Education for Business and Technology